Представление документа в формате RUSMARC

ПолеНазваниеЗначение
  Тип записи a
  Библиографический уровень c
001 Контрольный номер RU/SLIB/B/208788225
005 Дата корректировки 20231201144506.4
010 Индекс ISBN __
d Цена 92-00
101 Язык документа 0_
a Язык текста rus
c Язык оригинала rus
200 Заглавие и сведения об ответственности 1_
a Заглавие Голые короли
e Сведения, относящиеся к заглавию сказки, притчи, анекдоты, шутки народов мира
b Общее обозначение материала Текст
210 Выходные данные 1_
a Место издания М.
c Издательство Республика
d Дата издания 1993
215 Физическое описание __
a Объем 368 с.
c Иллюстрации/тип воспроизводства ил.
606 Тематические рубрики __
a Основная рубрика Фольклор
606 Тематические рубрики __
a Основная рубрика Мировой фольклор
610 Ключевые слова 0_
a Ключевые слова сказки; притчи; анекдоты; шутки
686 Индексы других классификаций __
a Классификационный индекс 84.2
801 Источник записи _0
a Страна RU
b Организация Муниципальное бюджетное учреждение культуры "Централизованная библиотечная система" г. Сургут (Центральная городская библиотека им. А. С. Пушкина)
g Правила каталогизации ЦДБ/Суздальцева
801 Источник записи _1
a Страна RU
b Организация Муниципальное бюджетное учреждение культуры "Централизованная библиотечная система" г. Сургут (Центральная городская библиотека им. А. С. Пушкина)
g Правила каталогизации ЦДБ/Суздальцева
852 Данные о местонахождении __
j Шифр хранения 84.2
c Каталожный индекс 84.2
i Авторский знак Г 62
p Инвентарный номер 50216
901 Тип документа __
t Тип документа x
903 Характеристики (МАРС) __
a Дата передачи 20060428
969 Тип издания __
a Тип издания сборник
990 Данные о заказе (DOS) __
j Количество экземпляров (DOS) 4
t N записи в КСУ для И/У (DOS) 199401